000 00455nam a22001817a 4500
003 MPLRDC
005 20220104114453.0
008 210129b ||||| |||| 00| 0 eng d
082 _a782.29 WXC
100 _a王轩成 编著
245 _a中国古代探险家与旅行家
_c
250 _a初版
260 _a
_b香港宏业书局
_c1962
300 _b
490 _a历史人物传记丛书
650 _a中国传记
942 _cBK
_o782.29 WXC
999 _c7721
_d7711